000 00506nam a2200181Ia 4500
008 240925s9999 xx 000 0 und d
020 _a136250475
082 _a519.4 MAT
100 _aMathews, John H.
245 0 _aNumerical Methods for Mathematics Science and Engineering
250 _a2nd
260 _aNew Jersey:
_bPrintice- Hall Int.
_c,1992.
300 _axix,443p.
_bNA
_fPirated
500 _aIncludes Index
600 _aHumanities & Natural Science
650 _aMathematics
942 _cBK
999 _c7386
_d7386